000 00991cam a22003017a 4500
003 CHAP
005 20220329134239.0
008 971013s1978 r 00010 d
010 _a17556
011 _a18528
035 _a22613
040 _cCHAP
082 _a574.5
_bH88
100 0 0 _aHutchinson, G. Evelyn.
_957028
245 1 3 _aAn introduction to population ecology
260 _aNew Haven :
_bYale University,
_c1978
300 _a260 p.
_b: ilus. ; gráfs.
590 _aBATCH-UPD
_b10
_c20130110
_lUCH01
_h1803
590 _aBATCH-UPD
_b10
_c20130410
_lUCH01
_h1139
590 _aBATCH-UPD
_b10
_c20130914
_lUCH01
_h1227
590 _aCONVERSION
_b10
_c20130109
_lUCH01
_h1311
650 1 4 _aEcología.
_935134
901 _aBK
942 _cLIBRO
949 _a574.5 H88
_bBC
_cLIBRO
_d33724000428439
_eLIBRO
_fc.2
_h57482
_i22613
_si
949 _a574.5 H88
_bBC
_cLIBRO
_d33724000428447
_eLIBRO
_h57481
_i22613
_si
949 _a574.5 H88
_bBC
_cLIBRO
_d33724000428454
_eLIBRO
_fc.3
_h58746
_i22613
_si
999 _c17556
_d17556